| 000 | 00545nam a2200169 i 4500 | ||
|---|---|---|---|
| 001 | 100707 | ||
| 003 | ES-MaACL | ||
| 005 | 20230906182729.0 | ||
| 007 | t| | ||
| 008 | 051004s1974 sp ||||1| spa d | ||
| 100 | 1 |
_aMateos y Sotos, Rafael. _978991 |
|
| 245 | 1 | 0 |
_aMonografías de Historia de Albacete / _cpor Rafael Mateos y Sotos; prólogo... Francisco Fuster Ruiz. |
| 260 |
_aAlbacete : _bDiputación, _c1974. |
||
| 300 |
_a359 p., 2 lám. ; _c21 cm. |
||
| 700 | 1 |
_aFuster Ruiz, Francisco. _953092 |
|
| 852 |
_aES-MaACL _jC-13623 _bR.100475 |
||
| 999 |
_c100707 _d100707 |
||